000 00470nam a22001817a 4500
001 TVUNI
005 20260126014648.0
008 221102s2010 vm vie d
020 _c40000
040 _aTVUNI
_eAACR2
041 0 _avie
100 1 _aChu, Văn Tuấn
245 1 0 _aGiáo trình thông kê doanh nghiệp /
_cChu Văn Tuấn
260 _aHà Nội :
_bTài Chính,
_c2010
300 _a303 tr. ;
_c21 cm.
942 _2ddc
_cBK
999 _c2576
_d2576
912 _a1
_bHiển Phạm